000 00414nam a2200157Ia 4500
008 240729s9999 xx 000 0 und d
022 _a2549-6212
245 0 _aPadjadjaran Journal of Dentistry
260 _aIndonesia
260 _bUniversitas Padjadjaran
650 _a Dentistry
650 _aMedicine
856 _uhttps://doaj.org/toc/decc08e46efc4d94a6d425b37a4b7f4b
942 _2ddc
942 _cDOAJEJ
999 _c65730
_d65730
945 _a1
_bMadushi Gamage
_c1
_dMadushi Gamage